[Event "22nd ZMDI Open 2013"]
[Site "Dresden GER"]
[Date "2013.08.12"]
[Round "3.11"]
[White "Das,Arg"]
[Black "Shvayger,Y"]
[Result "1-0"]
[WhiteElo "2469"]
[BlackElo "2265"]

1.e4 c5 2.Nf3 d6 3.d4 cxd4 4.Nxd4 Nf6 5.Nc3 a6 6.g3 e5 7.Nb3 Nbd7 8.a4 b6
9.Bg2 Be7 10.O-O O-O 11.Nd2 Qc7 12.Qe2 Nc5 13.Nc4 Bb7 14.Rd1 Bc6 15.a5 bxa5
16.Nxa5 Bd7 17.Bg5 Bg4 18.Bf3 Be6 19.Bd2 Nb7 20.Nd5 Bxd5 21.exd5 Nxa5 22.Bxa5 Qb7
23.c4 Bd8 24.Bc3 Nd7 25.b4 Re8 26.Be4 Qc8 27.Bc2 Nb6 28.Bb3 Bg5 29.Ra5 Nd7
30.Ra2 Nb6 31.Rc2 Nd7 32.Ba4 Ra7 33.c5 dxc5 34.bxc5 Qxc5 35.Bd4 Qa5 36.Ra2  1-0

[Event "Caissa GM Aug 2013"]
[Site "Kecskemet HUN"]
[Date "2013.08.19"]
[Round "4.3"]
[White "Sax,G"]
[Black "Antal,T"]
[Result "1/2-1/2"]
[WhiteElo "2478"]
[BlackElo "2358"]

1.e4 c5 2.Nf3 d6 3.d4 cxd4 4.Nxd4 Nf6 5.Nc3 a6 6.g3 e5 7.Nb3 b5 8.Bg2 b4
9.Nd5 Nxd5 10.Qxd5 Ra7 11.Be3 Be6 12.Qa5 Qxa5 13.Nxa5 Rc7 14.O-O-O Nc6 15.Bb6 Rc8
16.b3  1/2-1/2

[Event "TCh-ESP CECLUB Div1Gp2 2013"]
[Site "Linares ESP"]
[Date "2013.08.19"]
[Round "1.1"]
[White "Coll Ortega,J"]
[Black "Cao Armillas,J"]
[Result "1/2-1/2"]
[WhiteElo "2307"]
[BlackElo "2184"]

1.e4 c5 2.Nf3 d6 3.d4 cxd4 4.Nxd4 Nf6 5.Nc3 a6 6.g3 e5 7.Nb3 Be6 8.Bg2 Nbd7
9.a4 Be7 10.O-O O-O 11.Re1 Rc8 12.Nd2 Qa5 13.Nf1 Rfd8 14.Ne3 Bf8 15.Bd2 Qc5
16.a5 g6 17.Ncd5 Bxd5 18.exd5 Bg7 19.Ra4 b5 20.axb6 Nxb6 21.Rxa6 Nc4 22.Bc3 e4
23.Nxc4 Qxc4 24.Ra5 Re8 25.Bf1 Qc7 26.Bb5 Re7 27.Bc6 e3 28.Rxe3 Rxe3 29.fxe3 Ne4
30.Be1 Bxb2 31.Rb5 Be5 32.Rb7 Qd8 33.Qf3 f5 34.h4 Nf6 35.c4 Rc7 36.Ba5 Rxb7
37.Bxd8 Rb1+ 38.Kg2 Rb2+ 39.Kf1 Ng4 40.Kg1 Rb1+ 41.Kg2 Rb2+ 42.Kg1 Rb1+ 43.Qd1 Bf6  1/2-1/2

[Event "24th Porto San Giorgio Open"]
[Site "Porto San Giorgio ITA"]
[Date "2013.08.24"]
[Round "4.3"]
[White "Aleksic,Nen1"]
[Black "Petkov,V"]
[Result "1/2-1/2"]
[WhiteElo "2357"]
[BlackElo "2552"]

1.e4 c5 2.Nf3 d6 3.d4 cxd4 4.Nxd4 Nf6 5.Nc3 a6 6.g3 e5 7.Nde2 Be7 8.Bg2 Nbd7
9.a4 b6 10.h3 h5 11.Nd5 Nxd5 12.Qxd5 Rb8 13.Nc3 h4 14.g4 Nc5 15.Be3 Ne6 16.Qd2 O-O
17.O-O Bb7 18.Rad1 Rc8 19.Nd5 Bxd5 20.exd5 Nf4 21.Bxf4 exf4 22.c3 Bg5 23.Qd3 Ra8
24.Rfe1 Re8 25.Qf5 Rxe1+ 26.Rxe1 g6 27.Qe4 b5 28.axb5 axb5 29.Qb4 Rb8 30.Bf3 Bf6
31.Kg2 Be5 32.Ra1 Qb6 33.Ra5 Kg7 34.Be2 Qd8 35.Bf3 Qe8 36.Ra7 Rc8 37.Rb7 Rc5
38.Qa5 Bf6 39.Qa7 Rc4 40.Qb8 Qxb8 41.Rxb8 b4 42.Rxb4  1/2-1/2

[Event "TCh-SRB 1st League 2013"]
[Site "Kragujevac SRB"]
[Date "2013.08.29"]
[Round "6.4"]
[White "Sedlak,N"]
[Black "Damljanovic,B"]
[Result "1/2-1/2"]
[WhiteElo "2586"]
[BlackElo "2559"]

1.e4 c5 2.Nf3 d6 3.d4 cxd4 4.Nxd4 Nf6 5.Nc3 a6 6.g3 g6 7.Bg2 Bg7 8.O-O O-O
9.h3 Nc6 10.Be3 Rb8 11.a4 Nd7 12.Nce2 Nc5 13.Qd2 Bd7 14.a5 Re8 15.b4 Ne6
16.Nxc6 bxc6 17.Rad1 Qc8 18.f4 Nf8 19.g4 Be6 20.Bd4 Bxd4+ 21.Qxd4 c5 22.bxc5 dxc5
23.Qc3 Rb4 24.Ng3 Bc4 25.Rf2 Rd8 26.Rfd2 Rxd2 27.Qxd2 Qc7 28.e5 Bb5 29.Qe3 Rd4
30.Rxd4 cxd4 31.Qxd4 Qxc2 32.f5 Nd7 33.e6 fxe6 34.fxe6 Qc5 35.Qxc5 Nxc5 36.Bd5 Kg7
37.g5 Nd3 38.Ne2 Nb4 39.Nc3 Bd3 40.h4 Bf5 41.Kf2 Kf8 42.Ke3 Nxd5+ 43.Nxd5 Bxe6
44.Nc7 Bc4 45.Kd4 Bf1 46.Ke5  1/2-1/2

[Event "15th Sants Open 2013"]
[Site "Barcelona ESP"]
[Date "2013.08.30"]
[Round "8.10"]
[White "Wehmeier,S"]
[Black "Esen,B"]
[Result "1/2-1/2"]
[WhiteElo "2433"]
[BlackElo "2559"]

1.e4 c5 2.Nf3 d6 3.d4 cxd4 4.Nxd4 Nf6 5.Nc3 a6 6.g3 e5 7.Nde2 Be7 8.Bg2 b5
9.a4 b4 10.Nd5 Nxd5 11.Qxd5 Ra7 12.Be3 Be6 13.Qd3 Ra8 14.c4 Nd7 15.b3 a5
16.O-O Qc7 17.Rad1 Qc6 18.Qc2 Bd8 19.Bc1 Bb6 20.Bb2 h5 21.h3 Ke7 22.Kh1 f6
23.f4 Bg4 24.Kh2 Nc5 25.fxe5 dxe5 26.Nd4 Qc7 27.Nf5+ Bxf5 28.exf5 Rad8 29.Bd5 Rd6
30.Bxe5 fxe5 31.f6+ Rxf6 32.Rxf6 gxf6 33.Qg6 Ne6 34.Rf1 Rf8 35.Qxh5 e4 36.Bxe6 Kxe6
37.Qd5+ Ke7 38.Rf5 Rf7 39.c5 Ba7 40.Qxe4+ Kf8 41.Rh5 Rg7 42.Rh8+ Rg8 43.Rxg8+ Kxg8
44.Qg6+ Qg7 45.Qe8+ Qf8 46.Qg6+ Qg7 47.Qe8+ Qf8  1/2-1/2

[Event "Nordeste IM 2013"]
[Site "Natal BRA"]
[Date "2013.08.31"]
[Round "4.2"]
[White "Silveira Filho,N"]
[Black "Brito,L"]
[Result "1/2-1/2"]
[WhiteElo "2209"]
[BlackElo "2282"]

1.e4 c5 2.Nf3 d6 3.d4 cxd4 4.Nxd4 Nf6 5.Nc3 a6 6.g3 e5 7.Nde2 b5 8.Bg2 Bb7
9.h3 Nbd7 10.g4 Rc8 11.O-O Qc7 12.Ng3 Nb6 13.Nf5 Nc4 14.Ne3 Nxe3 15.Bxe3 Be7
16.Qe2 Qc4 17.Qxc4 Rxc4 18.Rfd1 Kd7 19.Bf1 Rc7 20.f3 Rhc8 21.Bb6 Rc6 22.Bf2 Kc7
23.Bd3 Kd8 24.Nd5 Ke8 25.Nxe7 Kxe7 26.h4 Nd7 27.Rd2 Nc5 28.Rad1 Na4 29.c3 Nb6
30.Bf1 h6 31.a3 g5 32.Bd3 f6 33.Bb1 Nc4 34.Re2 R8c7 35.Ba2 Bc8 36.hxg5 hxg5
37.Bxc4 Rxc4 38.Kg2 Ke6 39.Rh1 Bb7 40.Rh6 Rd7 41.Be3 Rg7 42.Kg3 d5 43.exd5+ Bxd5
44.Bd4 Kf7 45.Be3 Rc7 46.Rd2 Ke6 47.Bb6 Rh7 48.Rxf6+ Kxf6 49.Bxc7 Rd7 50.Bb6 Bc6
51.Rh2 Kg6 52.Be3 Rf7 53.Rf2 Rd7 54.Rd2 Rxd2 55.Bxd2 Kf6  1/2-1/2

[Event "Nordeste IM 2013"]
[Site "Natal BRA"]
[Date "2013.09.03"]
[Round "7.5"]
[White "Silveira Filho,N"]
[Black "Santiago,Y"]
[Result "0-1"]
[WhiteElo "2209"]
[BlackElo "2422"]

1.e4 c5 2.Nf3 d6 3.d4 cxd4 4.Nxd4 Nf6 5.Nc3 a6 6.g3 e5 7.Nde2 Be7 8.Bg2 O-O
9.O-O b5 10.h3 Bb7 11.a3 Nbd7 12.g4 Nb6 13.Ng3 Rc8 14.g5 Nfd7 15.Nf5 Rxc3
16.bxc3 Nc5 17.Qg4 g6 18.Nxe7+ Qxe7 19.Be3 Nba4 20.Bxc5 Nxc5 21.Rfe1 Bc8
22.Qg3 Be6 23.h4 Bc4 24.Bh3 f6 25.Rad1 fxg5 26.hxg5 Rf4 27.f3 Qf8 28.Re3 Kg7
29.Kh2 Qe7 30.Rd2 Be6 31.Bf1 Bf7 32.Bh3 Bc4 33.Re1 Qf8 34.Re3 Kf7 35.Re1 Ke7
36.Re3 Kd8 37.Rd1 Kc7 38.Rd2 h6 39.gxh6 Qxh6 40.Rg2 Rh4 41.Rd3 Nxd3 42.cxd3 Be6  0-1

[Event "17th Cesenatico Open"]
[Site "Cesenatico ITA"]
[Date "2013.09.05"]
[Round "6.3"]
[White "Albano,M"]
[Black "Roeder,M"]
[Result "0-1"]
[WhiteElo "2288"]
[BlackElo "2412"]

1.e4 c5 2.Nf3 d6 3.d4 cxd4 4.Nxd4 Nf6 5.Nc3 a6 6.g3 e5 7.Nb3 Be7 8.Bg2 b5
9.O-O O-O 10.h3 b4 11.Nd5 Nxd5 12.Qxd5 Ra7 13.Be3 Be6 14.Qd3 Rb7 15.Nd2 Qc8
16.Kh2 Rc7 17.Rfc1 Nd7 18.f4 Nc5 19.Bxc5 dxc5 20.Nf3 c4 21.Qe3 Bc5 22.Qe2 f6
23.Rd1 exf4 24.gxf4 Re7 25.Nd4 Bf7 26.Qg4 Qxg4 27.hxg4 Rd7 28.Nf5 Rfd8 29.Bf3 Rd2+
30.Kh3 Be6 31.Ng3 c3 32.b3 Bb6 33.Rxd2 Rxd2 34.Rd1 Be3 35.f5 Bd7 36.Rxd2 Bxd2
37.Be2 a5 38.Kg2 g6 39.Bc4+ Kf8 40.Kf3 Be8 41.fxg6 hxg6 42.Ne2 Ke7 43.Nd4 Kd6
44.Bb5 Bf7 45.Nc6 f5 46.Nxa5 fxg4+ 47.Kxg4 Be6+ 48.Kf3 g5 49.Bc4 Bd7 50.Bd3 g4+
51.Kg2 Ke5 52.a3 bxa3 53.Nc4+ Kf4 54.Nxa3 g3 55.Be2 Be1 56.Nb5 Ke3 57.Bd3 Bg4
58.Bf1 Bf3+ 59.Kh3 Kf2 60.Nd4 Bxe4 61.Ba6 g2 62.Ne2 Bf3  0-1

[Event "ch-POR 2013"]
[Site "Lisbon POR"]
[Date "2013.09.07"]
[Round "7.5"]
[White "Rocha,S"]
[Black "Gomes,B"]
[Result "1-0"]
[WhiteElo "2408"]
[BlackElo "2128"]

1.e4 c5 2.Nf3 d6 3.d4 cxd4 4.Nxd4 Nf6 5.Nc3 a6 6.g3 g6 7.Bg2 Bg7 8.O-O Bg4
9.Qe1 O-O 10.a4 Qb6 11.Be3 Qb4 12.a5 Qc4 13.Qd2 Bd7 14.h3 Re8 15.Rfe1 Qc7
16.Nde2 Bc6 17.g4 Nbd7 18.Ng3 Rec8 19.Bd4 Ne5 20.b3 Bb5 21.Ra2 h6 22.Nd1 Bc6
23.Ne3 Ned7 24.Nc4 Kh7 25.Qe3 Bb5 26.Nb6 Nxb6 27.Bxb6 Qd7 28.c4 Bc6 29.Rd2 Qe8
30.Ne2 Nd7 31.Bd4 Qh8 32.h4 Be5 33.f4 Bf6 34.g5 Bg7 35.Ng3 Bxd4 36.Rxd4 Nc5
37.Rd2 Qg7 38.Rf1 Rc7 39.Bh3 Bd7 40.f5 hxg5 41.hxg5 Qe5 42.Rd5 Qb2 43.Qf4 Kh8
44.Rd2 Qe5 45.Qh4+ Kg8 46.Rd5 Qh8 47.Qg4 Nxb3 48.e5 dxe5 49.Rxd7 Rxd7 50.fxg6 Rd4
51.Qf5 Rf4 52.Rxf4 exf4 53.Qxf7+  1-0

[Event "FSFMB Sept 2013"]
[Site "Budapest HUN"]
[Date "2013.09.17"]
[Round "9.5"]
[White "Lukacs,Albert"]
[Black "Gruz,J"]
[Result "1/2-1/2"]
[WhiteElo "1917"]
[BlackElo "1803"]

1.e4 c5 2.Nf3 d6 3.d4 cxd4 4.Nxd4 Nf6 5.Nc3 a6 6.g3 Qc7 7.Bg2 Nc6 8.O-O Bd7
9.Bg5 e6 10.f4 Nxd4 11.Qxd4 d5 12.Kh1 Bc5 13.Qd2 Nxe4 14.Nxe4 dxe4 15.b4 Be7
16.Bxe7 Kxe7  1/2-1/2

[Event "TCh-CRO Ia Liga 2013"]
[Site "Bol CRO"]
[Date "2013.09.19"]
[Round "6.5"]
[White "Mohr,G"]
[Black "Fercec,N"]
[Result "1/2-1/2"]
[WhiteElo "2495"]
[BlackElo "2484"]

1.e4 c5 2.Nf3 d6 3.d4 cxd4 4.Nxd4 Nf6 5.Nc3 a6 6.g3 e5 7.Nb3 Be6 8.Bg2 Be7
9.O-O O-O 10.a4 Nbd7 11.Re1 h6 12.Nd2 Nh7 13.Nf1 Ng5 14.Qe2 Nh3+ 15.Kh1 Nf6
16.Ne3 Rc8 17.Rd1 Qd7 18.Ncd5 Nxd5 19.Nxd5 Bd8 20.Be3 Ng5 21.h4 Bg4 22.f3 Bxf3
23.Bxf3 Qh3+ 24.Qh2 Qxh2+ 25.Kxh2 Nxf3+ 26.Kg2 Nd4 27.Bxd4 exd4 28.Rac1 g5
29.Kh3 f5 30.Rxd4 h5 31.exf5 Rxf5 32.g4 Rf3+ 33.Kg2 Rf7 34.c3 gxh4 35.gxh5 Rg7+
36.Kh2 Bg5 37.Rg1 Re8 38.Rdg4 Re5 39.Nf6+ Bxf6 40.Rxg7+ Bxg7 41.h6 Re2+ 42.Kh3 Rxb2
43.Rxg7+ Kh8 44.Kxh4 b5 45.a5 Ra2 46.Kg5  1/2-1/2

[Event "63rd TCh-BUL GpB 2013"]
[Site "Sunny Beach BUL"]
[Date "2013.09.22"]
[Round "6.3"]
[White "Stoynov,J"]
[Black "Vutov,M"]
[Result "0-1"]
[WhiteElo "2221"]
[BlackElo "2324"]

1.e4 c5 2.Nf3 d6 3.d4 Nf6 4.Nc3 cxd4 5.Nxd4 a6 6.g3 e5 7.Nde2 Nbd7 8.a4 b6
9.Bg2 Bb7 10.O-O Be7 11.Be3 Rc8 12.h3 h5 13.Nd5 Nxd5 14.exd5 h4 15.Qd2 O-O
16.f4 exf4 17.gxf4 Bf6 18.Bd4 Re8 19.c3 Nc5 20.Qc2 a5 21.Rad1 Ba6 22.Rf2 Bxe2
23.Rxe2 Rxe2 24.Qxe2 Nxa4 25.Bxf6 Qxf6 26.Qg4 Rd8 27.Rd4 b5 28.Rd2 b4 29.cxb4 axb4
30.Qg5 Qxg5 31.fxg5 Rc8 32.Be4 Rc4 33.Bd3 Rc1+ 34.Kg2 Nc5 35.Bc2 g6 36.Bd1 Ne4
37.Rd4 Nxg5  0-1

[Event "23rd EYCC Open U16 2013"]
[Site "Budva MNE"]
[Date "2013.09.29"]
[Round "1.24"]
[White "Hristov,Hristo Mitov"]
[Black "Christiansen,Johan-Sebastian"]
[Result "1/2-1/2"]
[WhiteElo "1915"]
[BlackElo "2218"]

1.e4 c5 2.Nf3 d6 3.d4 cxd4 4.Nxd4 Nf6 5.Nc3 a6 6.g3 e5 7.Nde2 Be7 8.Bg2 O-O
9.O-O Nbd7 10.Nd5 Nxd5 11.Qxd5 Rb8 12.Be3 b5 13.Qd2 b4 14.c4 Qc7 15.b3 a5
16.Nc1 Ra8 17.Nd3 Bb7 18.Rfd1 Bc6 19.f3 Qb7 20.Re1 f5 21.exf5 Bxf3 22.Rf1 Rxf5
23.Bh3 Raf8 24.Bxf5 Rxf5 25.Ne1 e4 26.Nxf3 exf3 27.Qd3 g6 28.Rad1 Nf6 29.Bf2 Ng4
30.h3 Nf6 31.g4 Rf4 32.Be3 Re4 33.Rxf3 Rxg4+ 34.Kf2 Ne4+ 35.Kf1 Nc3 36.Bf2 Re4
37.Re1 Bg5 38.Rxe4 Nxe4 39.h4 Nd2+ 40.Ke2 Nxf3 41.Qxf3 Qe7+ 42.Kd3 Bf6 43.Qd5+ Kg7
44.Qxa5 Qe6 45.Qc7+ Be7 46.Be3 Kg8 47.Qb8+ Kf7 48.Qxb4 Qf5+ 49.Kd2 Qb1 50.Bg5 Qxa2+
51.Kc3 Qa1+ 52.Kc2 Qa2+ 53.Kc3 Qa1+ 54.Kc2 Qa2+ 55.Kc3  1/2-1/2

[Event "Grand Open Blagoevgrad 2013"]
[Site "Blagoevgrad BUL"]
[Date "2013.09.30"]
[Round "4.19"]
[White "Vaklinov,V"]
[Black "Dyulgerov,Dimitar"]
[Result "1-0"]
[WhiteElo "2144"]
[BlackElo "1996"]

1.e4 c5 2.Nf3 d6 3.d4 cxd4 4.Nxd4 Nf6 5.Nc3 a6 6.g3 e5 7.Nb3 Be7 8.Bg2 O-O
9.O-O Qc7 10.h3 b5 11.Be3 Bb7 12.a3 Nbd7 13.f4 Nb6 14.Na5 Na4 15.Nxa4 bxa4
16.Nxb7 Qxb7 17.Qd3 Rfc8 18.Rab1 Qc6 19.c3 Rab8 20.Rf2 Nd7 21.Rd1 Rb5 22.fxe5 Nxe5
23.Qd4 Rcb8 24.Qxa4 Qc4 25.Rd4 Qxa4 26.Rxa4 Rxb2 27.Rxb2 Rxb2 28.Rxa6 Nc4
29.Ra8+ Bf8 30.Bd4 Nd2 31.e5 dxe5 32.Bc5 g6 33.Bxf8  1-0

[Event "23rd EYCC Open U16 2013"]
[Site "Budva MNE"]
[Date "2013.10.05"]
[Round "6.14"]
[White "Suarez Gomez,Julio"]
[Black "Gajek,R"]
[Result "0-1"]
[WhiteElo "2111"]
[BlackElo "2247"]

1.e4 c5 2.Nf3 d6 3.d4 cxd4 4.Nxd4 Nf6 5.Nc3 a6 6.g3 e5 7.Nb3 Be6 8.Bg2 Be7
9.O-O Nbd7 10.Re1 b5 11.Bd2 Nb6 12.Bg5 O-O 13.Na5 Rc8 14.a3 Na4 15.Nxa4 bxa4
16.Bd2 Qd7 17.b3 axb3 18.cxb3 Bd8 19.Bf1 Bb6 20.Nc4 Bd4 21.Rc1 Bg4 22.Be2 Bxe2
23.Rxe2 Ng4 24.Ne3 Rxc1 25.Bxc1 g6 26.Kg2 Bxe3 27.Bxe3 f5 28.Qd5+ Rf7 29.f3 Nf6
30.Qc4 Kg7 31.Bg5 Nh5 32.Qc1 fxe4 33.fxe4 Qg4 34.Bh6+ Kg8 35.Qe3 Nf4+ 36.Bxf4 exf4
37.Qf3 Qxf3+ 38.Kxf3 fxg3+ 39.Kxg3 Rc7 40.Kf4 Kf7 41.b4 Ke6 42.Re3 Rf7+ 43.Kg5 Ke5
44.Rd3 Rd7 45.Re3 Rf7 46.Rd3 Rf6 47.a4 h6+ 48.Kxh6 Kxe4 49.Rg3 d5 50.Rxg6 Rxg6+
51.Kxg6 d4 52.b5 axb5 53.axb5 Kd5 54.h4 d3 55.h5 d2 56.h6 d1=Q 57.h7  0-1

[Event "Chigorin Memorial"]
[Site "St Petersburg RUS"]
[Date "2013.10.05"]
[Round "1.19"]
[White "Pyatin,A"]
[Black "Kokarev,Dm"]
[Result "0-1"]
[WhiteElo "2146"]
[BlackElo "2611"]

1.e4 c5 2.Nf3 d6 3.d4 cxd4 4.Nxd4 Nf6 5.Nc3 a6 6.g3 e5 7.Nf3 Be7 8.Bg2 b5
9.O-O Nbd7 10.Re1 O-O 11.a3 Bb7 12.Nh4 g6 13.Bh6 Re8 14.h3 Rc8 15.Qd2 Nh5
16.Bf3 Ng7 17.Ng2 Nf5 18.Be3 Nf6 19.g4 Nxe3 20.Nxe3 Nd7 21.Ncd5 Bg5 22.Qb4 Nf6
23.Rad1 Nxd5 24.Nxd5 Rxc2 25.Ne3 Rc5 26.Rd3 Qc7 27.Red1 Bxe3 28.Rxe3 Rd8
29.Red3 Rc6 30.Bg2 Bc8 31.f4 exf4 32.e5 Rc4 33.Rxd6 Rxb4 34.Rxd8+ Kg7 35.axb4 Be6
36.R8d6 Qc2 37.g5 Qf5 38.h4 f3 39.Bf1 Qg4+ 40.Kf2 Qxh4+  0-1

[Event "TCh-AUT 2nd Ost 2013-14"]
[Site "Vienna AUT"]
[Date "2013.10.05"]
[Round "1.1"]
[White "Nagy,Ben"]
[Black "Bernasek,J"]
[Result "0-1"]
[WhiteElo "2358"]
[BlackElo "2539"]

1.e4 c5 2.Nf3 d6 3.d4 cxd4 4.Nxd4 Nf6 5.Nc3 a6 6.g3 e5 7.Nde2 Be7 8.Bg2 O-O
9.O-O Be6 10.h3 Nbd7 11.Kh2 Rc8 12.b3 b5 13.Bb2 Nb6 14.a3 Qc7 15.f4 Rfd8
16.f5 Bd7 17.Rf3 Bc6 18.Rd3 d5 19.exd5 Nbxd5 20.Nxd5 Bxd5 21.Bxd5 Nxd5 22.Rxd5 Rxd5
23.Qxd5 Qxc2 24.Re1 Qxb2 25.Qd7 Rc2 26.Qxe7 Rxe2+ 27.Rxe2 Qxe2+ 28.Kg1 Qe3+
29.Kg2 Qd2+ 30.Kg1 Qd4+ 31.Kf1 Qd3+ 32.Kg2 Qd5+ 33.Kf2 h6 34.b4 Qd2+  0-1

[Event "Chigorin Memorial"]
[Site "St Petersburg RUS"]
[Date "2013.10.08"]
[Round "4.92"]
[White "Kharmunova,N"]
[Black "Mamyrbay,Assad"]
[Result "1-0"]
[WhiteElo "2148"]
[BlackElo "1888"]

1.e4 c5 2.Nf3 d6 3.d4 cxd4 4.Nxd4 Nf6 5.Nc3 a6 6.g3 e5 7.Nb3 Be7 8.Bg2 b5
9.O-O Bb7 10.Be3 O-O 11.f4 Nbd7 12.a4 b4 13.Nd5 Nxd5 14.exd5 exf4 15.gxf4 Bf6
16.Bd4 Rc8 17.Kh1 Nb6 18.Bxf6 Qxf6 19.Na5 Ba8 20.b3 Rc5 21.Qd2 Rxa5 22.Qxb4 Rc5
23.Qxb6 Rxc2 24.Rad1 h6 25.Rf2 Rxf2 26.Qxf2 Rc8 27.Qa7 Qb2 28.Qd7 Qc2 29.Re1 g6
30.Qxd6 Qd2 31.Qe5 Rd8 32.f5 g5 33.Qe7 Rc8 34.Qe5 Rd8 35.b4 Qxb4 36.f6 Qxa4
37.Qe7 Rf8 38.Be4 Qa5 39.Rc1 Qd8 40.Kg1 Bxd5 41.Bxd5 Qb6+ 42.Kg2 Qb2+ 43.Kg3 Qxc1
44.Bxf7+ Rxf7 45.Qe8+  1-0

[Event "7th Univ Cent Open 2013"]
[Site "Bogota COL"]
[Date "2013.10.10"]
[Round "2.7"]
[White "Contreras,H"]
[Black "Ruiz Sanchez,O"]
[Result "0-1"]
[WhiteElo "2216"]
[BlackElo "2420"]

1.e4 c5 2.Nf3 d6 3.d4 cxd4 4.Nxd4 Nf6 5.Nc3 a6 6.g3 e5 7.Nde2 Nbd7 8.Bg2 b5
9.O-O Bb7 10.h3 Rc8 11.Bg5 Be7 12.Qd2 O-O 13.a4 b4 14.Bxf6 Nxf6 15.Nd5 Nxd5
16.exd5 a5 17.c3 bxc3 18.Nxc3 f5 19.Rfd1 Qb6 20.Bf1 Bf6 21.Bb5 Rf7 22.Rac1 Rc5
23.b3 Qd8 24.Bc4 e4 25.Ne2 Bg5 26.Nf4 Rfc7 27.Rc2 Qa8 28.Qe3 Ba6 29.Rdc1 Bxc4
30.bxc4 Qc8 31.h4 Bh6 32.Kg2 Qe8 33.Rb2 Rxc4 34.Rxc4 Rxc4 35.Rb6 Qd8 36.Rc6 Bxf4
37.Qxf4 Rxc6 38.dxc6 Qc7 39.Qxf5 Qxc6 40.Qxa5 e3+ 41.Kf1 Qc1+ 42.Ke2 Qb2+
43.Kxe3 Qb3+ 44.Kd4 Qd1+ 45.Kc4 Qe2+ 46.Kb3 Qd1+ 47.Kb4 Qb1+ 48.Kc4 Qc2+
49.Kb5 Qc5+ 50.Ka6 Qc6+ 51.Ka7 Qd7+ 52.Kb6 d5 53.Qb5 Qd6+ 54.Qc6 Qxc6+ 55.Kxc6 d4
56.a5 d3 57.a6 d2 58.a7 d1=Q 59.a8=Q+ Kf7 60.Qa7+ Kf6 61.Qe3 Qa4+ 62.Kd5 Qb5+
63.Kd4 Qb2+ 64.Kd3 Qb5+ 65.Kd2 Qb2+ 66.Ke1 Qb1+ 67.Ke2 Qc2+ 68.Kf1 h6 69.Kg2 Kg6
70.g4 Kh7 71.h5 Qc6+ 72.Kg3 Kh8 73.f4 Qh1 74.Qe8+ Kh7 75.g5 Qg1+ 76.Kh3 Qh1+
77.Kg3 Qg1+ 78.Kf3 Qf1+ 79.Kg4 Qg2+ 80.Kf5 Qh3+ 81.Ke4 Qh1+ 82.Kd4 Qd1+ 83.Kc5 Qc2+
84.Kd6 hxg5 85.fxg5 Qd2+ 86.Kc5 Qxg5+ 87.Kd4 Qd2+ 88.Kc4 Qc2+ 89.Kd4 Qd1+
90.Kc4 Qc1+ 91.Kd3 Qd1+ 92.Kc3 Qa1+ 93.Kd3 Qf6 94.Ke2 Kh6 95.Qh8+ Kg5 96.Qe8 Qf5
97.Qh8 Qf7 98.Ke3 Qf6 99.Qe8 Qf4+ 100.Kd3 Qf3+ 101.Kd2 Qf2+ 102.Kd3 Qf3+
103.Kd2 Qf6 104.Ke3 Qh6 105.Qe5+ Kg4+ 106.Ke2 Qg5 107.Qh2 Qxh5 108.Qg2+ Kf4+
109.Kd2 Qa5+ 110.Kd3 Qb5+ 111.Kc3 Qe5+ 112.Kb3 Qe3+ 113.Kb2 g5 114.Qh2+ Kg4
115.Qg2+ Qg3 116.Qe4+ Kh3 117.Qh7+ Kg2 118.Kc1 g4 119.Kd2 Qf2+ 120.Kc3 g3
121.Kb4 Kg1 122.Ka4 Qa2+ 123.Kb5 g2 124.Qe4 Qb3+ 125.Ka6 Kf2 126.Qh4+ Qg3
127.Qd4+ Qe3 128.Qh4+ Ke2 129.Qh5+ Qf3 130.Qe5+ Kf1 131.Qa1+ Kf2 132.Qd4+ Qe3
133.Qh4+ Kg1 134.Kb7 Qf2 135.Qh5 Qb2+ 136.Ka8 Qa3+ 137.Kb7 Qg3 138.Qd1+ Kh2
139.Qh5+ Qh3 140.Qe5+ Kh1 141.Qe4 Qh6 142.Ka8 Qa6+ 143.Kb8 Qf1 144.Qh4+ Kg1
145.Ka8 Qf3+ 146.Kb8 Kf1 147.Qc4+ Kf2 148.Qd4+ Kg3 149.Qg7+ Kh2 150.Qh6+ Qh3
151.Qd2 Qh8+ 152.Kb7 Qf6 153.Ka7 Qe7+ 154.Ka8 Qa3+ 155.Kb7 Qb3+ 156.Ka8 Qa4+
157.Kb8 Qb5+ 158.Ka8 Qc6+ 159.Ka7 Kh1  0-1

[Event "7th Univ Cent Open 2013"]
[Site "Bogota COL"]
[Date "2013.10.11"]
[Round "4.9"]
[White "Orozco,Li"]
[Black "Hevia,A"]
[Result "0-1"]
[WhiteElo "2123"]
[BlackElo "2512"]

1.e4 c5 2.Nf3 d6 3.d4 Nf6 4.Nc3 cxd4 5.Nxd4 a6 6.g3 e5 7.Nb3 Nbd7 8.a4 b6
9.Bg2 Bb7 10.O-O Be7 11.Re1 O-O 12.Bg5 Rc8 13.Nd2 h6 14.Bxf6 Nxf6 15.Nf1 Qd7
16.Ne3 b5 17.axb5 axb5 18.Nf5 b4 19.Na4 Qc7 20.c3 bxc3 21.Nxc3 Bc6 22.b4 g6
23.Nxe7+ Qxe7 24.b5 Bb7 25.Qb3 Qc7 26.Rac1 Qa5 27.Red1 Rfd8 28.Bh3 Rc5 29.Be6 Kg7
30.Bxf7 Rdc8 31.Ne2 Rxc1 32.Nxc1 Rc3 33.Qa2 Qc7 34.Qe6 Qa5 35.Re1 Qa4  0-1

[Event "12th Istanbul Open A 2013"]
[Site "Istanbul TUR"]
[Date "2013.10.12"]
[Round "1.2"]
[White "Erdogdu,M"]
[Black "Cannesar,Rad"]
[Result "1-0"]
[WhiteElo "2437"]
[BlackElo "1811"]

1.e4 c5 2.Nf3 d6 3.d4 cxd4 4.Nxd4 Nf6 5.Nc3 a6 6.g3 e6 7.Bg2 Be7 8.O-O Nc6
9.Nxc6 bxc6 10.e5 Nd5 11.exd6 Bxd6 12.Ne4 Bc7 13.c4 Ne7 14.Qxd8+ Kxd8 15.Rd1+ Ke8
16.Nd6+ Bxd6 17.Rxd6 Bb7 18.b4 Rd8 19.Bf4 Rxd6 20.Bxd6 Nf5 21.Bc5 Kd7 22.Rd1+ Kc8
23.Bb6 Ne7 24.a4 Ng6 25.f4 Re8 26.a5 Ne7 27.Kf2 Kb8 28.Rd6 Nc8 29.Rd7 Re7
30.Rd8 e5 31.Bc5 Re6 32.Rd7 exf4 33.gxf4 Rf6 34.Ke3 g6 35.Bd4 Rf5 36.Be5+ Ka8
37.b5 f6 38.bxc6 fxe5 39.cxb7+ Kb8 40.Rd8 exf4+ 41.Ke4  1-0

[Event "TCh-AUT 2nd West 2013-14"]
[Site "Austria AUT"]
[Date "2013.10.19"]
[Round "2.2"]
[White "Atlas,V"]
[Black "Braeuer,F"]
[Result "1-0"]
[WhiteElo "2450"]
[BlackElo "2297"]

1.e4 c5 2.Nf3 d6 3.d4 cxd4 4.Nxd4 Nf6 5.Nc3 a6 6.g3 Nc6 7.Bg2 Nxd4 8.Qxd4 e5
9.Qd3 Be7 10.O-O Be6 11.a4 Rc8 12.Rd1 Qc7 13.a5 O-O 14.Be3 Qc6 15.h3 Rfe8
16.Kh2 Bf8 17.Rac1 Nd7 18.Nd5 Bxd5 19.Qxd5 b5 20.axb6 Nxb6 21.Qxc6 Rxc6 22.b3 Rb8
23.Bf1 Na8 24.Bc4 Nc7 25.Ra1 Be7 26.Ra4 Kf8 27.Rda1 f5 28.f3 Bf6 29.R1a2 Rc8
30.Kg2 Ke7 31.Bd2 g6 32.h4 f4 33.Bb4 fxg3 34.Kxg3 Bg7 35.Bxa6 Nxa6 36.Rxa6 Bh6
37.Rxc6 Rxc6 38.Kf2 Ke6 39.Ke2 Bf4 40.Be1 h5 41.Kd3 g5 42.Ra8 Kf7 43.hxg5 Bxg5
44.b4 h4 45.b5 Rb6 46.c4 d5 47.exd5 Rh6 48.Ra2 Rf6 49.Ra7+ Ke8 50.Ke2 Rh6
51.Ra6 Rh5 52.b6 Kd7 53.c5  1-0

[Event "29th ECC Open 2013"]
[Site "Rhodes GRE"]
[Date "2013.10.22"]
[Round "3.10"]
[White "Bok,B"]
[Black "Palliser,R"]
[Result "1-0"]
[WhiteElo "2525"]
[BlackElo "2455"]

1.e4 c5 2.Nf3 d6 3.d4 cxd4 4.Nxd4 Nf6 5.Nc3 a6 6.Be3 Ng4 7.Bc1 Nf6 8.g3 e5
9.Nb3 Be7 10.Bg2 Bg4 11.Qd3 Qc8 12.O-O O-O 13.Be3 Nbd7 14.a4 Be6 15.Rfd1 Nc5
16.Nxc5 dxc5 17.a5 Ng4 18.Bd2 c4 19.Qe2 Bc5 20.Be1 Nf6 21.Kh1 Bd4 22.Nd5 Bxd5
23.exd5 Bxb2 24.Ra4 c3 25.d6 Qd7 26.Rb4 Rab8 27.Qxe5 Rfe8 28.Qd4 Re6 29.Bf3 Rbe8
30.Bxc3 Re1+ 31.Rxe1 Rxe1+ 32.Kg2  1-0

[Event "Chinese Zonal w 2013"]
[Site "Zhongshan CHN"]
[Date "2013.10.30"]
[Round "2.7"]
[White "Su Yamin"]
[Black "Cai Jiaying"]
[Result "0-1"]
[WhiteElo "2209"]
[BlackElo "2082"]

1.e4 c5 2.Nf3 d6 3.d4 cxd4 4.Nxd4 Nf6 5.Nc3 a6 6.g3 e5 7.Nde2 Be7 8.a4 b6
9.Bg2 Bb7 10.O-O Nbd7 11.Nd5 Nxd5 12.exd5 O-O 13.g4 Rc8 14.Ng3 g6 15.b3 Nc5
16.Bh6 Re8 17.c4 Bg5 18.Bxg5 Qxg5 19.b4 Nd7 20.Ne4 Qe7 21.Rc1 Nf6 22.Nxf6+ Qxf6
23.Qb3 Ba8 24.Qe3 a5 25.Qxb6 axb4 26.Qxb4 Rc5 27.Qb6 Kg7 28.Rfe1 Rec8 29.Qa6 Qd8
30.Rb1 Rxc4 31.h3 h5 32.gxh5 gxh5 33.a5 Qf6 34.Rf1 Kh8 35.Rb6 Qg5 36.Rb8 Rxb8
37.Qxc4 Rg8 38.Qe4 f5 39.Qf3 Bxd5 40.Qxd5 e4 41.Qxg8+ Qxg8 42.Kh1 Qa2  0-1

[Event "Chinese Zonal w 2013"]
[Site "Zhongshan CHN"]
[Date "2013.10.31"]
[Round "3.6"]
[White "Su Yamin"]
[Black "Li Xueyi"]
[Result "1/2-1/2"]
[WhiteElo "2209"]
[BlackElo "2134"]

1.e4 c5 2.Nf3 d6 3.d4 cxd4 4.Nxd4 Nf6 5.Nc3 a6 6.g3 e5 7.Nde2 Be7 8.a4 Nc6
9.Bg2 Nb4 10.O-O Be6 11.Nd5 Nbxd5 12.exd5 Bf5 13.c4 Qc8 14.b3 Bh3 15.Be3 Bxg2
16.Kxg2 O-O 17.Rc1 Qd7 18.Nc3 Rac8 19.h3 Ne8 20.f4 f5 21.Qd2 exf4 22.Bxf4 Bf6
23.Ne2 b5 24.axb5 axb5 25.Be3 bxc4 26.bxc4 Nc7 27.Nd4 Bxd4 28.Bxd4 Na6 29.Qg5 Nc5
30.Bxc5 Rxc5 31.Rfe1 Rf6 32.Qe3 Rc8  1/2-1/2

[Event "FSFMA November 2013"]
[Site "Budapest HUN"]
[Date "2013.11.02"]
[Round "1.4"]
[White "Steer,J"]
[Black "Krstulovic,Alex"]
[Result "0-1"]
[WhiteElo "1899"]
[BlackElo "2001"]

1.e4 c5 2.Nf3 d6 3.d4 cxd4 4.Nxd4 Nf6 5.Nc3 a6 6.g3 e6 7.Bg2 Be7 8.O-O O-O
9.h3 Qc7 10.Be3 Nc6 11.Nxc6 bxc6 12.Ne2 Rb8 13.b3 d5 14.exd5 cxd5 15.Qd3 Rd8
16.Rfd1 e5 17.c3 a5 18.Rac1 Be6 19.f4 Nh5 20.g4 exf4 21.Bf2 Nf6 22.Nd4 Bc5
23.Kh1 Ne4 24.Be1 Bxd4 25.cxd4 Qd7 26.Kg1 Re8 27.Bxa5 f5 28.gxf5 Bxf5 29.Qf3 Ra8
30.b4 Rf8 31.Rc7 Qa4 32.Qb3 Qxb3 33.axb3 Be6 34.Re7 Rf6 35.Rd3 g5 36.Bf3 Rh6
37.Bxe4 dxe4 38.Rc3 Rg6 39.Rcc7 e3 40.b5 f3 41.Be1 Rf8  0-1

[Event "TCh-CZE Extraliga 2013-14"]
[Site "Novy Bor CZE"]
[Date "2013.11.02"]
[Round "1.5"]
[White "Bartel,Mat"]
[Black "Bernasek,J"]
[Result "1-0"]
[WhiteElo "2626"]
[BlackElo "2545"]

1.e4 c5 2.Nf3 d6 3.d4 cxd4 4.Nxd4 Nf6 5.Nc3 a6 6.g3 e5 7.Nb3 Be7 8.Bg2 O-O
9.O-O Be6 10.a4 Nbd7 11.Re1 Rc8 12.h3 Qc7 13.a5 Nc5 14.Nxc5 Qxc5 15.Be3 Qc7
16.Re2 Qd7 17.Na4 Bd8 18.Rd2 Bxa5 19.Rxd6 Qc7 20.Nc5 Bb4 21.Nxe6 Qxd6 22.Nxf8 Qxd1+
23.Rxd1 Kxf8 24.c3 Bc5 25.Bc1 Ke7 26.Kf1 Bb6 27.Ke2 Rc4 28.f4 Bc7 29.Kd3 Rc6
30.Kc2 Nh5 31.Bf3 Nxg3 32.f5 Bb6 33.Bg5+ Kf8 34.Rd7 f6 35.Bh4 Nf1 36.Rxb7 Ne3+
37.Kb3 Nc4 38.Rb8+ Ke7 39.Be2 Nd6 40.Bd3 Bc7 41.Rh8 h6 42.Ra8 Nb7 43.Kc2 a5
44.Bb5 Rb6 45.Bc4 Nd6 46.Bd5 Rb8 47.Rxb8 Bxb8 48.Bf2 Bc7 49.Bc5 Kd7 50.Kb3 Bd8
51.Ka4 Bc7 52.c4 Nc8 53.Bf8 Nb6+ 54.Kb5  1-0